000 00473nam a2200193Ia 4500
003 GCL
008 140319s9999 xx 000 0 eng d
040 _aGCL /
_cGCL
082 0 4 _a745.61
_bB B
100 1 _aBAKER, ARTHUR
245 1 0 _aBRUSH CALLIGRAPHY /
_cBAKER, ARTHUR
260 _a[S.N] :
_bDOVER PUBLICATIONS,INC. ،
_c1984
300 _a89 P
650 0 4 _aARTS
650 0 4 _aCALLIGRAPHY
650 0 4 _aLETTERING
650 0 4 _aBRUSH, DRAWING
942 _2ddc
_cBK
999 _c21309
_d21309